Studies on Pakistan / (Record no. 71396)

000 -LEADER
fixed length control field 01301cam a2200397 i 4500
001 - CONTROL NUMBER
control field 18241117
003 - CONTROL NUMBER IDENTIFIER
control field NUST - PNEC
005 - DATE AND TIME OF LATEST TRANSACTION
control field 20170116181200.0
007 - PHYSICAL DESCRIPTION FIXED FIELD--GENERAL INFORMATION
fixed length control field ta
008 - FIXED-LENGTH DATA ELEMENTS--GENERAL INFORMATION
fixed length control field 140417s2014 ii a b 000 0 eng d
010 ## - LIBRARY OF CONGRESS CONTROL NUMBER
LC control number 2014356517
020 ## - INTERNATIONAL STANDARD BOOK NUMBER
International Standard Book Number 9789383154128
020 ## - INTERNATIONAL STANDARD BOOK NUMBER
International Standard Book Number 9383154128
025 ## - OVERSEAS ACQUISITION NUMBER
Overseas acquisition number I-E-2014-356517; 63-90; 63-01
035 ## - SYSTEM CONTROL NUMBER
System control number (OCoLC)ocn879524308
035 ## - SYSTEM CONTROL NUMBER
System control number (OCoLC)879524308
037 ## - SOURCE OF ACQUISITION
Stock number Library of Congress -- New Delhi Overseas Office
040 ## - CATALOGING SOURCE
Original cataloging agency DKAGE
Language of cataloging eng
Description conventions rda
Transcribing agency LIBRARY
042 ## - AUTHENTICATION CODE
Authentication code lccopycat
-- lcode
043 ## - GEOGRAPHIC AREA CODE
Geographic area code a-pk---
-- a------
050 00 - LIBRARY OF CONGRESS CALL NUMBER
Classification number DS383.5.A2
Item number S78 2014
082 04 - DEWEY DECIMAL CLASSIFICATION NUMBER
Classification number 327.549105 MIS
Edition number 23
100 ## - MAIN ENTRY--PERSONAL NAME
9 (RLIN) 16279
Personal name Mishra, Sylvia
245 00 - TITLE STATEMENT
Title Studies on Pakistan /
Statement of responsibility, etc. editor, Sylvia Mishra.
260 ## - PUBLICATION, DISTRIBUTION, ETC.
Place of publication, distribution, etc. New Delhi:
Name of publisher, distributor, etc. Paragon International Publishers;
Date of publication, distribution, etc. c2014.
300 ## - PHYSICAL DESCRIPTION
Extent xi, 292 pages :
Other physical details illustrations ;
Dimensions 24 cm.
490 0# - SERIES STATEMENT
Series statement Country-specific study project ;
Volume/sequential designation v. 2
500 ## - GENERAL NOTE
General note "Prepared under the supervision of Dr. Mahendra Gaur, Director, F.P.R.C. New Delhi."
504 ## - BIBLIOGRAPHY, ETC. NOTE
Bibliography, etc. note Includes bibliographical references.
650 ## - SUBJECT ADDED ENTRY--TOPICAL TERM
General subdivision General
651 #0 - SUBJECT ADDED ENTRY--GEOGRAPHIC NAME
Geographic name Pakistan
General subdivision Foreign relations.
700 1# - ADDED ENTRY--PERSONAL NAME
Personal name Mishra, Sylvia,
Relator term editor.
906 ## - LOCAL DATA ELEMENT F, LDF (RLIN)
a 7
b cbc
c copycat
d 3
e ncip
f 20
g y-gencatlg
942 ## - ADDED ENTRY ELEMENTS (KOHA)
Source of classification or shelving scheme
Koha item type Book
Holdings
Withdrawn status Lost status Source of classification or shelving scheme Materials specified (bound volume or other part) Damaged status Not for loan Permanent Location Current Location Shelving location Date acquired Source of acquisition Cost, normal purchase price Total Checkouts Full call number Barcode Date last seen Cost, replacement price Price effective from Koha item type
      Hardbound     Pakistan Navy Engineering College (PNEC) Pakistan Navy Engineering College (PNEC)   12/07/2015 Capital Book Company / Ref Grant 3882.12   327.549105 MIS PNECLIB-032523 02/08/2016 3882.12 12/07/2015 Book
© 2023 Central Library, National University of Sciences and Technology. All Rights Reserved.